|
|
|
|
| LEADER |
00000nab a2200000 a 4500 |
| 001 |
vtls000224256 |
| 003 |
SK-MaSNL |
| 005 |
20260304165046.0 |
| 008 |
250423c1985 xo 0 slo |
| 015 |
|
|
|a SNBRB19rr/mm-uuuuu
|
| 035 |
|
|
|a CL0234370
|
| 035 |
|
|
|a urn:nbn:sk:snk-abel89
|
| 035 |
|
|
|a (urnnbn)urn:nbn:sk:snk:ar-0006sn
|
| 035 |
|
|
|a (uuid)0b84350f-0683-463c-abb9-9c4e839c93b2
|
| 040 |
|
|
|a SNKBUCL
|b slo
|c SNKBUCL
|e AACR2
|
| 041 |
0 |
|
|a slo
|
| 044 |
|
|
|a xo
|c SK
|
| 080 |
|
|
|a 82.09:885.0-3(048)
|2 1981
|
| 080 |
|
|
|a 885.0-3(048)
|2 1981
|
| 100 |
1 |
|
|a Čúzy, Ladislav,
|d 1950-
|4 aut
|9 226174
|
| 245 |
1 |
0 |
|a Jiří Křenek: Tomáš a Markéta
|c Ladislav Čúzy
|
| 500 |
|
|
|a V rubrike Knihy
|
| 650 |
0 |
7 |
|a české romány
|2 snkbucl
|9 99282
|
| 655 |
|
7 |
|a recenzie
|2 snkbucl
|9 21907
|
| 655 |
|
7 |
|a články z novín a časopisov
|2 snkbucl
|9 267496
|
| 655 |
|
7 |
|a články z odboru literárna veda a krásna literatúra
|2 snkbucl
|9 770045
|
| 773 |
0 |
|
|t Slovenské pohľady
|g Roč. 101, č. 7 (1985), s. 138-140
|
| 787 |
0 |
8 |
|i Rec.:
|a Křenek, Jiří
|t Tomáš a Markéta
|d Praha : Československý spisovatel, 1984
|
| 850 |
|
|
|a Slovenská národná knižnica
|
| 852 |
|
|
|a Slovenská národná knižnica
|
| 954 |
|
|
|a odborná, vedecká literatúra pôvodná (slovenská)
|2 lita
|
| 958 |
|
|
|a article27
|
| 958 |
|
|
|a RK
|
| 958 |
|
|
|a CZ
|
| 958 |
|
|
|a LX
|
| 958 |
|
|
|a OND
|
| 958 |
|
|
|a EUIPO
|
| 992 |
|
|
|a RBX
|
| 999 |
|
|
|c 2982721
|d 2984651
|